000 01369nem0a2200337 4500
001 RU\NLR\cart\7753
005 20250614031101.0
010 _a978-5-9900167-5-0
035 _a(NLR Aleph) 010295333
090 _a10568651
_c10568651
100 _a20121016d2012 |||y0rusy50 ca
101 0 _arus
102 _aRU
120 _abya xx||
123 1 _aa
_b7 000
200 1 _aЦентральная часть Советска
_bКарты
_eТуристская карта
_fСост. и подгот. к изд. ФГУП "Балт АГП" в 2012 г.
_gГл. ред. М.В. Дробиз
206 _a1:7 000, 70 м в 1 см
210 _aКалининград
_cБалт АГП
_d2012
215 _a1 к.
_cцв., текст, ил.
_d41х50 см, слож. 20х21 см
309 _aДвусторон. печать
327 1 _aДоп. карта: План-схема замка Тильзит
509 0 1 _7ca
_aСоветск,
_eКалиниградская обл.
_hгород
_92633731
_3RU\NLR\auth_crt\55558
606 0 _aПланы
_92177709
_3RU\NLR\auth_crt\662
608 _aТуристские карты
_91327502
_3RU\NLR\AUTH\66551871
620 _aРоссия
702 1 _aДробиз
_bМ. В.
_4340
801 0 _aRU
_bNLR
_c20121016
_gPSBO
852 _aNLR
_bК
_j4-План 1/2499
_m12-117
_t12-117а
942 _cMAP
980 _aNB